Krajinka rovných a rovnejších? Slovensko a korupcia

Salvato in:
Dettagli Bibliografici
Autore principale: Zemanovičová, Daniela
Altri autori: Beblavá, Emília
Natura: Libro
Lingua:slovacco
Pubblicazione: Bratislava Kalligram 2003
Soggetti:
Tags: Aggiungi Tag
Nessun Tag, puoi essere il primo ad aggiungerne!!

MARC

LEADER 00000nam$a2200000$$$4500
001 0000674
005 20221207102657.9
020 |a 80-7149-563-8 
041 0 |a slo 
044 |a SK 
245 1 0 |a Krajinka rovných a rovnejších?  |b Slovensko a korupcia  |c Daniela Zemanovičová, Emília Beblavá 
264 1 |a Bratislava  |b Kalligram  |c 2003 
300 |a 207 s. 
610 2 0 |a korupcia 
610 2 0 |a etika 
610 2 0 |a právo trestné 
610 2 0 |a Slovensko 
100 1 |a Zemanovičová, Daniela 
700 1 |a Beblavá, Emília